000 004730000a22001930004500
001 003112
003 MACL
005 20150818133502.0
008 150818b xxu||||| |||| 00| 0 eng d
040 _aMACL
_cMACL
041 _aEnglish
082 _a570/KAS
100 _aAshok Kashyap,
_96056
245 _aLiving With Joy
_cAshok Kashyap
260 _aNew Delhi
_c2002
_bModern Press & Publications,
350 _a150
650 _aScience
_96057
942 _k570
_cBK
_2ddc
999 _c15018
_d15018